| 000 -LEADER |
| fixed length control field |
01605cam a22003977a 4500 |
| 001 - CONTROL NUMBER |
| control field |
7874168 |
| 003 - CONTROL NUMBER IDENTIFIER |
| control field |
OSt |
| 005 - DATE AND TIME OF LATEST TRANSACTION |
| control field |
20170112111237.0 |
| 006 - FIXED-LENGTH DATA ELEMENTS--ADDITIONAL MATERIAL CHARACTERISTICS |
| fixed length control field |
m d |
| 007 - PHYSICAL DESCRIPTION FIXED FIELD--GENERAL INFORMATION |
| fixed length control field |
cr n |
| 008 - FIXED-LENGTH DATA ELEMENTS--GENERAL INFORMATION |
| fixed length control field |
060308s2006 enka sb 100 0 eng d |
| 015 ## - NATIONAL BIBLIOGRAPHY NUMBER |
| National bibliography number |
GBA632102 |
| Source |
bnb |
| 016 7# - NATIONAL BIBLIOGRAPHIC AGENCY CONTROL NUMBER |
| Record control number |
013426649 |
| Source |
Uk |
| 020 ## - INTERNATIONAL STANDARD BOOK NUMBER |
| International Standard Book Number |
184628404X (pbk.) |
| 020 ## - INTERNATIONAL STANDARD BOOK NUMBER |
| International Standard Book Number |
9781846284045 |
| 035 ## - SYSTEM CONTROL NUMBER |
| System control number |
(WaSeSS)ssj0000319859 |
| 040 ## - CATALOGING SOURCE |
| Original cataloging agency |
UKM |
| Transcribing agency |
UKM |
| Modifying agency |
BAKER |
| -- |
OHX |
| -- |
BWKUK |
| -- |
MnU |
| -- |
DLC |
| -- |
WaSeSS |
| 042 ## - AUTHENTICATION CODE |
| Authentication code |
lccopycat |
| 050 #4 - LIBRARY OF CONGRESS CALL NUMBER |
| Classification number |
TJ211.35 |
| Item number |
.R643 2006 |
| 082 04 - DEWEY DECIMAL CLASSIFICATION NUMBER |
| Classification number |
629.892 |
| Edition number |
22 |
| 210 10 - ABBREVIATED TITLE |
| Abbreviated title |
Robot motion and control |
| 245 00 - TITLE STATEMENT |
| Title |
Robot Motion and Control |
| Medium |
[electronic resource] : |
| Remainder of title |
Recent Developments / |
| Statement of responsibility, etc. |
Krzysztof Kozłowski (ed.). |
| 260 ## - PUBLICATION, DISTRIBUTION, ETC. |
| Place of publication, distribution, etc. |
London : |
| Name of publisher, distributor, etc. |
Springer, |
| Date of publication, distribution, etc. |
c2006. |
| 440 #0 - SERIES STATEMENT/ADDED ENTRY--TITLE |
| Title |
Lecture notes in control and information sciences ; |
| Volume/sequential designation |
335 |
| 500 ## - GENERAL NOTE |
| General note |
Selected conference papers presented at the Fourth International Workshop on Robot Motion and Control, held at Puszczykowo, Poland, from June 17-20, 2004. |
| 504 ## - BIBLIOGRAPHY, ETC. NOTE |
| Bibliography, etc. note |
Includes bibliographical references. |
| 506 ## - RESTRICTIONS ON ACCESS NOTE |
| Terms governing access |
License restrictions may limit access. |
| 650 #0 - SUBJECT ADDED ENTRY--TOPICAL TERM |
| Topical term or geographic name entry element |
Robots |
| General subdivision |
Control systems |
| Form subdivision |
Congresses. |
| 650 #0 - SUBJECT ADDED ENTRY--TOPICAL TERM |
| Topical term or geographic name entry element |
Robots |
| General subdivision |
Motion |
| Form subdivision |
Congresses. |
| 700 1# - ADDED ENTRY--PERSONAL NAME |
| Personal name |
Kozłowski, Krzysztof. |
| 711 2# - ADDED ENTRY--MEETING NAME |
| Meeting name or jurisdiction name as entry element |
International Workshop on Robot Motion and Control. |
| Number of part/section/meeting |
(4th : |
| Date of meeting |
Puszczykowo, Poland : |
| Location of meeting |
2004) |
| 773 #0 - HOST ITEM ENTRY |
| Title |
SpringerLink ebooks - Engineering (2006) |
| 856 40 - ELECTRONIC LOCATION AND ACCESS |
| Uniform Resource Identifier |
<a href="http://www.columbia.edu/cgi-bin/cul/resolve?clio7874168">http://www.columbia.edu/cgi-bin/cul/resolve?clio7874168</a> |
| Public note |
Full text available from SpringerLink ebooks - Engineering (2006) |
| 910 ## - USER-OPTION DATA (OCLC) |
| User-option data |
Library of Congress record |
| 942 ## - ADDED ENTRY ELEMENTS (KOHA) |
| Source of classification or shelving scheme |
|
| Koha item type |
Book |